[Event "26th Abu Dhabi Master 2019"]
[Site "Abu Dhabi"]
[Date "2019.08.07"]
[Round "6.43"]
[White "Suleymanli, Aydin"]
[Black "Pranesh M"]
[Result "1-0"]
[WhiteElo "2416"]
[BlackElo "2343"]
[Annotator "NA"]
[PlyCount "89"]
[EventDate "2019.08.02"]
[EventType "swiss"]
[EventCountry "UAE"]
[SourceTitle "playchess.com"]
[Source "ChessBase"]
[SourceQuality "1"]
[TimeControl "5400+30"]

1. c4 {[%emt 0:00:00]} e6 {[%emt 0:00:00]} 2. Nc3 {[%emt 0:00:00]} d5 {[%emt 0:00:00]} 3. d4 {[%emt 0:00:00]} Nf6 {[%emt 0:00:00]} 4. Bg5 {[%emt 0:00:28]} dxc4 {[%emt 0:00:37]} 5. e4 {[%emt 0:01:51]} h6 {[%emt 0:00:58]} 6. Bxf6 {[%emt 0:06:50]} Qxf6 {[%emt 0:00:15]} 7. Bxc4 {[%emt 0:00:07]} Nd7 {[%emt 0:00:46]} 8. Nge2 {[%emt 0:02:51]} Nb6 {[%emt 0:01:59]} 9. Bb3 {[%emt 0:04:42]} Bd7 {[%emt 0:01:32]} 10. O-O {[%emt 0:01:13]} e5 {[%emt 0:03:15]} 11. f4 {[%emt 0:06:25]} exd4 {[%emt 0:01:36]} 12. e5 {[%emt 0:00:06]} Qh4 {[%emt 0:03:42]} 13. Nxd4 {[%emt 0:03:16]} O-O-O {[%emt 0:02:43]} 14. Qc2 {[%emt 0:07:39]} g5 {[%emt 0:14:12]} 15. Ncb5 {[%emt 0:06:11]} c5 {[%emt 0:12:15]} 16. a4 {[%emt 0:19:57]} Bxb5 {[%emt 0:08:12]} 17. Nxb5 {[%emt 0:00:10]} a6 {[%emt 0:01:09]} 18. Nd6+ {[%emt 0:02:41]} Bxd6 {[%emt 0:00:21]} 19. exd6 {[%emt 0:00:04]} Nd7 {[%emt 0:01:02]} 20. Bd5 {[%emt 0:01:01]} g4 {[%emt 0:04:13]} 21. Qb3 {[%emt 0:00:19]} b6 {[%emt 0:00:06]} 22. Qc4 {[%emt 0:01:58]} Nb8 {[%emt 0:00:09]} 23. b4 {[%emt 0:00:40]} g3 {[%emt 0:01:32]} 24. h3 {[%emt 0:00:56]} Rxd6 {[%emt 0:01:10]} 25. bxc5 {[%emt 0:00:14]} Rxd5 {[%emt 0:00:18]} 26. cxb6+ {[%emt 0:00:12]} Kd7 {[%emt 0:00:05]} 27. Qxd5+ {[%emt 0:00:14]} Ke7 {[%emt 0:00:05]} 28. Qc5+ {[%emt 0:00:04]} Kf6 {[%emt 0:00:08]} 29. Qe5+ {[%emt 0:00:04]} Kg6 {[%emt 0:00:04]} 30. Qxh8 {[%emt 0:00:05]} Qe7 {[%emt 0:00:04]} 31. Qg8+ {[%emt 0:00:16]} Kf6 {[%emt 0:00:01]} 32. Qxg3 {[%emt 0:00:09]} Qc5+ {[%emt 0:00:01]} 33. Qf2 {[%emt 0:00:01]} Qf5 {[%emt 0:00:02]} 34. Rfe1 {[%emt 0:00:12]} Nc6 {[%emt 0:00:01]} 35. Rac1 {[%emt 0:00:06]} Qd5 {[%emt 0:00:04]} 36. b7 {[%emt 0:00:10]} Kg7 {[%emt 0:00:03]} 37. Rxc6 {[%emt 0:00:10]} Qxc6 {[%emt 0:00:02]} 38. Qd4+ {[%emt 0:00:19]} Kh7 {[%emt 0:00:02]} 39. Qe4+ {[%emt 0:00:05]} Qxe4 {[%emt 0:00:04]} 40. Rxe4 {[%emt 0:00:02]} a5 {[%emt 0:00:04]} 41. Rc4 {[%emt 0:00:11]} h5 {[%emt 0:00:03]} 42. Rc6 {[%emt 0:00:03]} h4 {[%emt 0:00:03]} 43. b8=Q {[%emt 0:00:08]} f5 {[%emt 0:00:03]} 44. Qb7+ {[%emt 0:00:05]} Kg8 {[%emt 0:00:05]} 45. Rc8# {[%emt 0:00:03]} 1-0

[Event "26th Abu Dhabi Master 2019"]
[Site "Abu Dhabi"]
[Date "2019.08.07"]
[Round "6.44"]
[White "Ni, Shiqun"]
[Black "Samant Aditya S"]
[Result "1/2-1/2"]
[WhiteElo "2407"]
[BlackElo "2296"]
[Annotator "NA"]
[PlyCount "57"]
[EventDate "2019.08.02"]
[EventType "swiss"]
[EventCountry "UAE"]
[SourceTitle "playchess.com"]
[Source "ChessBase"]
[SourceQuality "1"]
[TimeControl "5400+30"]

1. e4 c5 2. Nf3 d6 3. d4 cxd4 4. Nxd4 Nf6 5. Nc3 Nc6 6. Bg5 e6 7. Qd2 a6 8. O-O-O Bd7 9. f3 Be7 10. h4 h6 11. Be3 h5 12. Bg5 Ne5 13. f4 Neg4 14. Qe1 O-O 15. Be2 Rc8 16. Bxf6 Bxf6 17. Bxg4 hxg4 18. e5 Be7 19. Ne4 dxe5 20. fxe5 Qc7 21. Ng5 Bc6 22. Qe2 g6 23. Kb1 Bd5 24. Qxg4 Qxe5 25. Rde1 Qg7 26. Ngxe6 fxe6 27. Nxe6 Qf7 28. Nxf8 Rxf8 29. Rhf1 1/2-1/2

[Event "26th Abu Dhabi Master 2019"]
[Site "Abu Dhabi"]
[Date "2019.08.07"]
[Round "6.45"]
[White "Chitlange Sakshi"]
[Black "Agmanov, Zhandos"]
[Result "0-1"]
[WhiteElo "2168"]
[BlackElo "2402"]
[Annotator "NA"]
[PlyCount "86"]
[EventDate "2019.08.02"]
[EventType "swiss"]
[EventCountry "UAE"]
[SourceTitle "playchess.com"]
[Source "ChessBase"]
[SourceQuality "1"]
[TimeControl "5400+30"]

1. d4 {[%emt 0:00:00]} Nf6 {[%emt 0:00:00]} 2. c4 {[%emt 0:00:00]} e6 {[%emt 0:00:00]} 3. g3 {[%emt 0:00:00]} d5 {[%emt 0:00:00]} 4. Nf3 {[%emt 0:00:00]} dxc4 {[%emt 0:00:00]} 5. Bg2 {[%emt 0:00:26]} a6 {[%emt 0:00:22]} 6. O-O {[%emt 0:01:45]} b5 {[%emt 0:00:04]} 7. a4 {[%emt 0:04:58]} Bb7 {[%emt 0:00:05]} 8. b3 {[%emt 0:03:10]} cxb3 {[%emt 0:00:06]} 9. axb5 {[%emt 0:00:07]} axb5 {[%emt 0:02:16]} 10. Rxa8 {[%emt 0:00:06]} Bxa8 {[%emt 0:00:03]} 11. Qxb3 {[%emt 0:00:08]} b4 {[%emt 0:00:45]} 12. Rd1 {[%emt 0:10:49]} Be7 {[%emt 0:10:06]} 13. Bd2 {[%emt 0:09:47]} Bd5 {[%emt 0:01:18]} 14. Qb2 {[%emt 0:04:00]} Nc6 {[%emt 0:02:22]} 15. Bf4 {[%emt 0:04:25]} O-O {[%emt 0:01:26]} 16. Nbd2 {[%emt 0:00:43]} Ne4 {[%emt 0:15:49]} 17. Nxe4 {[%emt 0:04:23]} Bxe4 {[%emt 0:00:02]} 18. Be3 {[%emt 0:05:43]} Qd5 {[%emt 0:01:18]} 19. Qc1 {[%emt 0:06:32]} Ra8 {[%emt 0:05:25]} 20. Ne1 {[%emt 0:01:28]} Bxg2 {[%emt 0:01:12]} 21. Nxg2 {[%emt 0:00:01]} b3 {[%emt 0:10:51]} 22. Nf4 {[%emt 0:01:22]} Qb5 {[%emt 0:00:18]} 23. Nd3 {[%emt 0:02:17]} Ra2 {[%emt 0:01:17]} 24. Qb1 {[%emt 0:03:04]} Ba3 {[%emt 0:15:07]} 25. Nc1 {[%emt 0:03:55]} Bxc1 {[%emt 0:02:32]} 26. Rxc1 {[%emt 0:01:23]} Qa4 {[%emt 0:03:48]} 27. d5 {[%emt 0:04:54]} b2 {[%emt 0:03:25]} 28. dxc6 {[%emt 0:03:53]} bxc1=R+ {[%emt 0:01:12]} 29. Bxc1 {[%emt 0:00:03]} h6 {[%emt 0:01:42]} 30. Qb8+ {[%emt 0:03:59]} Kh7 {[%emt 0:00:06]} 31. Qb1+ {[%emt 0:00:44]} Qc2 {[%emt 0:00:15]} 32. Qxc2+ {[%emt 0:00:10]} Rxc2 {[%emt 0:00:04]} 33. Bf4 {[%emt 0:00:07]} Rxc6 {[%emt 0:00:10]} 34. Kf1 {[%emt 0:00:05]} g5 {[%emt 0:00:12]} 35. Be3 {[%emt 0:00:18]} e5 {[%emt 0:00:04]} 36. Ke1 {[%emt 0:00:11]} f5 {[%emt 0:00:07]} 37. f4 {[%emt 0:00:15]} gxf4 {[%emt 0:00:37]} 38. gxf4 {[%emt 0:00:01]} e4 {[%emt 0:00:02]} 39. Bd4 {[%emt 0:00:17]} Kg6 {[%emt 0:00:05]} 40. Kf2 {[%emt 0:00:05]} Kh5 {[%emt 0:00:06]} 41. Kg3 {[%emt 0:00:22]} Rc2 {[%emt 0:00:12]} 42. Kf2 {[%emt 0:00:35]} Kg4 {[%emt 0:00:06]} 43. Be5 {[%emt 0:00:30]} Kh3 {[%emt 0:00:18]} 0-1

[Event "26th Abu Dhabi Master 2019"]
[Site "Abu Dhabi"]
[Date "2019.08.07"]
[Round "6.46"]
[White "Wagh Suyog"]
[Black "Tahbaz, Arash"]
[Result "0-1"]
[WhiteElo "2242"]
[BlackElo "2461"]
[Annotator "ChessBase"]
[PlyCount "124"]
[EventDate "2019.08.02"]
[EventType "swiss"]
[EventCountry "UAE"]
[SourceTitle "playchess.com"]
[Source "ChessBase"]
[SourceQuality "1"]
[TimeControl "5400+30"]

1. c4 {[%emt 0:00:00]} c5 {[%emt 0:07:01]} 2. Nc3 {[%emt 0:00:00]} g6 {[%emt 0:00:04]} 3. g3 {[%emt 0:00:00]} Nc6 {[%emt 0:00:05]} 4. Bg2 {[%emt 0:00:00]} Bg7 {[%emt 0:00:04]} 5. a3 {[%emt 0:00:08]} e6 {[%emt 0:00:24]} 6. b4 {[%emt 0:03:01]} d6 {[%emt 0:04:13]} 7. Rb1 {[%emt 0:20:44]} Nge7 {[%emt 0:00:08]} 8. Nf3 {[%emt 0:02:08]} O-O {[%emt 0:00:20]} 9. O-O {[%emt 0:00:52]} b6 {[%emt 0:01:21]} 10. Qb3 {[%emt 0:19:29]} Bb7 {[%emt 0:00:44]} 11. Bb2 {[%emt 0:03:17]} Qd7 {[%emt 0:02:10]} 12. e3 {[%emt 0:08:53]} Rad8 {[%emt 0:05:31]} 13. Rfd1 {[%emt 0:03:18]} e5 {[%emt 0:03:40]} 14. Ba1 {[%emt 0:05:39]} f5 {[%emt 0:02:34]} 15. d3 {[%emt 0:07:13]} Ba8 {[%emt 0:01:27]} 16. Nd5 {[%emt 0:02:08]} h6 {[%emt 0:05:24]} 17. Nd2 {[%emt 0:03:18]} g5 {[%emt 0:01:23]} 18. f4 {[%emt 0:00:24]} Ng6 {[%emt 0:00:25]} 19. Nf3 {[%emt 0:03:14]} exf4 {[%emt 0:04:08]} 20. gxf4 {[%emt 0:02:11]} g4 {[%emt 0:00:26]} 21. Nd2 {[%emt 0:01:20]} Nh4 {[%emt 0:00:02]} 22. Bh1 {[%emt 0:00:06]} Rde8 {[%emt 0:03:17]} 23. Kf2 {[%emt 0:01:18]} Bxa1 {[%emt 0:02:52]} 24. Rxa1 {[%emt 0:00:53]} Ne7 {[%emt 0:00:02]} 25. Nf1 {[%emt 0:02:40]} Kh7 {[%emt 0:03:37]} 26. bxc5 {[%emt 0:01:58]} Nxd5 {[%emt 0:04:30]} 27. cxd5 {[%emt 0:00:11]} bxc5 {[%emt 0:00:21]} 28. Rab1 {[%emt 0:02:51]} Qf7 {[%emt 0:00:22]} 29. d4 {[%emt 0:00:53]} Rc8 {[%emt 0:00:30]} 30. dxc5 {[%emt 0:00:52]} Rxc5 {[%emt 0:00:18]} 31. Rbc1 {[%emt 0:00:09]} Rfc8 {[%emt 0:01:31]} 32. Rxc5 {[%emt 0:00:50]} Rxc5 33. Qb8 {[%emt 0:01:05]} Rc2+ {[%emt 0:02:40]} 34. Kg3 {[%emt 0:00:10]} Ng6 {[%emt 0:00:12]} 35. Qxd6 {[%emt 0:01:25]} h5 {[%emt 0:05:36]} 36. h4 {[%emt 0:03:43]} Rc7 {[%emt 0:00:10]} 37. Qe6 {[%emt 0:01:02]} Qf8 {[%emt 0:02:10]} 38. d6 {[%emt 0:00:37]} Qd8 {[%emt 0:00:00]} 39. Bxa8 {[%emt 0:00:56]} Rc2 {[%emt 0:00:01]} 40. Rd2 {[%emt 0:00:25]} Qxh4+ {[%emt 0:00:19]} 41. Kg2 {[%emt 0:00:00]} Rc1 {[%emt 0:00:01]} 42. Kg1 {[%emt 0:00:54]} Qe1 {[%emt 0:00:58]} 43. Rf2 {[%emt 0:00:09]} g3 {[%emt 0:00:41]} 44. Rf3 {[%emt 0:00:04]} Qe2 {[%emt 0:00:05]} 45. Qf7+ {[%emt 0:01:23]} Kh6 {[%emt 0:00:01]} 46. Qxg6+ {[%emt 0:00:34]} Kxg6 {[%emt 0:00:03]} 47. Rxg3+ {[%emt 0:00:04]} Kf6 {[%emt 0:00:21]} 48. Bg2 {[%emt 0:00:13]} h4 {[%emt 0:00:13]} 49. d7 {[%emt 0:00:42]} Ke7 {[%emt 0:00:14]} 50. Rh3 {[%emt 0:00:29]} Qg4 {[%emt 0:01:23]} 51. Rf3 {[%emt 0:01:05]} Rc2 {[%emt 0:00:10]} 52. Rf2 {[%emt 0:00:05]} Rxf2 {[%emt 0:00:04]} 53. Kxf2 {[%emt 0:00:03]} Qg7 {[%emt 0:00:33]} 54. Bh3 {[%emt 0:00:22]} Qb2+ {[%emt 0:00:24]} 55. Ke1 {[%emt 0:00:21]} Qxa3 {[%emt 0:00:04]} 56. Ke2 {[%emt 0:00:06]} Qb2+ {[%emt 0:00:29]} 57. Nd2 {[%emt 0:00:02]} a5 {[%emt 0:00:18]} 58. Bxf5 {[%emt 0:00:23]} a4 {[%emt 0:00:02]} 59. Kd3 {[%emt 0:02:04]} a3 {[%emt 0:00:16]} 60. Nc4 {[%emt 0:00:11]} Qb1+ {[%emt 0:00:05]} 61. Kd4 {[%emt 0:00:06]} Qxf5 {[%emt 0:00:07]} 62. Ne5 {[%emt 0:00:15]} a2 {[%emt 0:00:11]} 0-1

[Event "26th Abu Dhabi Master 2019"]
[Site "Abu Dhabi"]
[Date "2019.08.07"]
[Round "6.47"]
[White "Aakanksha Hagawane"]
[Black "Lee, Jun Hyeok"]
[Result "1/2-1/2"]
[WhiteElo "2246"]
[BlackElo "2383"]
[Annotator "NA"]
[PlyCount "105"]
[EventDate "2019.08.02"]
[EventType "swiss"]
[EventCountry "UAE"]
[SourceTitle "playchess.com"]
[Source "ChessBase"]
[SourceQuality "1"]
[TimeControl "5400+30"]

1. e4 {[%emt 0:00:00]} g6 {[%emt 0:00:00]} 2. d4 {[%emt 0:00:00]} d6 {[%emt 0:01:44]} 3. Nc3 {[%emt 0:00:25]} a6 {[%emt 0:00:04]} 4. f4 {[%emt 0:01:25]} b5 {[%emt 0:01:04]} 5. Bd3 {[%emt 0:01:48]} Bg7 {[%emt 0:03:04]} 6. Nf3 {[%emt 0:00:26]} Nd7 {[%emt 0:00:05]} 7. e5 {[%emt 0:01:52]} c5 {[%emt 0:05:47]} 8. Be4 {[%emt 0:04:47]} Rb8 {[%emt 0:06:00]} 9. O-O {[%emt 0:04:40]} cxd4 {[%emt 0:03:34]} 10. Qxd4 {[%emt 0:00:07]} Nh6 {[%emt 0:03:43]} 11. Qa7 {[%emt 0:03:48]} O-O {[%emt 0:06:46]} 12. Nd4 {[%emt 0:03:15]} Qb6 {[%emt 0:16:44]} 13. Qxb6 {[%emt 0:00:13]} Nxb6 {[%emt 0:00:04]} 14. Nc6 {[%emt 0:05:17]} Rb7 {[%emt 0:00:00]} 15. a4 {[%emt 0:14:53]} bxa4 {[%emt 0:01:40]} 16. Nxa4 {[%emt 0:03:20]} Bf5 {[%emt 0:06:48]} 17. Bxf5 {[%emt 0:06:07]} Nxf5 {[%emt 0:00:07]} 18. g4 {[%emt 0:02:27]} Nxa4 {[%emt 0:04:32]} 19. gxf5 {[%emt 0:21:10]} Rc8 {[%emt 0:03:32]} 20. Nxe7+ {[%emt 0:08:12]} Rxe7 {[%emt 0:00:01]} 21. Rxa4 {[%emt 0:02:46]} dxe5 {[%emt 0:00:10]} 22. Rxa6 {[%emt 0:00:33]} Bf8 {[%emt 0:09:15]} 23. f6 {[%emt 0:02:36]} Ree8 {[%emt 0:00:02]} 24. c3 {[%emt 0:00:32]} Bc5+ {[%emt 0:02:05]} 25. Kh1 {[%emt 0:01:59]} e4 {[%emt 0:01:04]} 26. Kg2 {[%emt 0:00:02]} Rcd8 {[%emt 0:05:01]} 27. b4 {[%emt 0:00:49]} Bf8 {[%emt 0:01:04]} 28. Re1 {[%emt 0:01:52]} Rd3 {[%emt 0:00:31]} 29. Rc6 {[%emt 0:01:42]} h5 {[%emt 0:07:21]} 30. Be3 {[%emt 0:02:09]} Ra8 {[%emt 0:01:40]} 31. Re2 {[%emt 0:00:24]} h4 {[%emt 0:02:40]} 32. b5 {[%emt 0:02:03]} Ra3 {[%emt 0:00:53]} 33. b6 {[%emt 0:03:35]} Raxc3 {[%emt 0:00:32]} 34. b7 {[%emt 0:00:01]} h3+ {[%emt 0:00:36]} 35. Kf2 {[%emt 0:00:17]} Rb3 {[%emt 0:01:04]} 36. Bb6 {[%emt 0:00:01]} Rf3+ {[%emt 0:01:07]} 37. Ke1 {[%emt 0:00:03]} e3 {[%emt 0:01:36]} 38. Kd1 {[%emt 0:01:02]} Rf1+ {[%emt 0:02:48]} 39. Kc2 {[%emt 0:00:01]} Rbb1 {[%emt 0:01:03]} 40. b8=Q {[%emt 0:00:52]} Rfc1+ {[%emt 0:00:08]} 41. Kd3 {[%emt 0:00:02]} Rxc6 {[%emt 0:00:57]} 42. Rxe3 {[%emt 0:00:55]} Rbxb6 {[%emt 0:00:19]} 43. Qa8 {[%emt 0:02:07]} Ra6 {[%emt 0:01:13]} 44. Qb8 {[%emt 0:00:12]} Ra3+ {[%emt 0:01:39]} 45. Ke2 {[%emt 0:00:34]} Rc2+ {[%emt 0:00:04]} 46. Kf3 {[%emt 0:00:01]} Rxe3+ {[%emt 0:00:05]} 47. Kxe3 {[%emt 0:00:02]} Rxh2 {[%emt 0:00:08]} 48. f5 {[%emt 0:01:48]} Rg2 {[%emt 0:00:04]} 49. fxg6 {[%emt 0:00:40]} Rxg6 {[%emt 0:00:31]} 50. Qh2 {[%emt 0:00:03]} Rxf6 {[%emt 0:01:19]} 51. Qxh3 {[%emt 0:00:02]} Re6+ {[%emt 0:00:18]} 52. Kf3 {[%emt 0:00:06]} Rf6+ {[%emt 0:00:04]} 53. Ke4 1/2-1/2

[Event "26th Abu Dhabi Master 2019"]
[Site "Abu Dhabi"]
[Date "2019.08.07"]
[Round "6.48"]
[White "Sankalp Gupta"]
[Black "Kushagra Mohan"]
[Result "1/2-1/2"]
[WhiteElo "2416"]
[BlackElo "2250"]
[Annotator "NA"]
[PlyCount "127"]
[EventDate "2019.08.02"]
[EventType "swiss"]
[EventCountry "UAE"]
[SourceTitle "playchess.com"]
[Source "ChessBase"]
[SourceQuality "1"]
[TimeControl "5400+30"]

1. e4 {[%emt 0:00:00]} e5 {[%emt 0:00:07]} 2. Nc3 {[%emt 0:00:00]} Nc6 {[%emt 0:00:29]} 3. g3 {[%emt 0:02:18]} Nf6 {[%emt 0:01:03]} 4. Bg2 {[%emt 0:00:03]} Bc5 {[%emt 0:00:07]} 5. d3 {[%emt 0:00:11]} h6 {[%emt 0:00:55]} 6. Nge2 {[%emt 0:01:18]} a6 {[%emt 0:00:44]} 7. O-O {[%emt 0:00:32]} d6 {[%emt 0:00:11]} 8. h3 {[%emt 0:00:23]} Be6 {[%emt 0:02:29]} 9. Nd5 {[%emt 0:00:07]} O-O {[%emt 0:01:30]} 10. Kh2 {[%emt 0:06:10]} Bxd5 {[%emt 0:02:14]} 11. exd5 {[%emt 0:01:41]} Nd4 {[%emt 0:00:36]} 12. Ng1 {[%emt 0:07:23]} Qd7 {[%emt 0:07:39]} 13. f4 {[%emt 0:02:21]} Nf5 {[%emt 0:05:02]} 14. c3 Ne3 {[%emt 0:04:33]} 15. Bxe3 {[%emt 0:11:21]} Bxe3 {[%emt 0:00:19]} 16. fxe5 {[%emt 0:04:06]} dxe5 17. Qb3 Bb6 {[%emt 0:02:04]} 18. Ne2 {[%emt 0:06:33]} Qd6 {[%emt 0:01:41]} 19. c4 {[%emt 0:04:27]} Nd7 {[%emt 0:04:53]} 20. Rad1 {[%emt 0:01:27]} Rae8 {[%emt 0:03:53]} 21. Qc3 {[%emt 0:01:51]} c5 {[%emt 0:04:46]} 22. dxc6 {[%emt 0:00:46]} bxc6 {[%emt 0:00:57]} 23. d4 {[%emt 0:00:56]} exd4 {[%emt 0:04:38]} 24. Nxd4 {[%emt 0:00:04]} Bxd4 {[%emt 0:00:46]} 25. Qxd4 {[%emt 0:07:36]} Qxd4 {[%emt 0:00:02]} 26. Rxd4 {[%emt 0:00:02]} Ne5 {[%emt 0:00:19]} 27. c5 {[%emt 0:00:50]} Rb8 {[%emt 0:05:49]} 28. Rf2 {[%emt 0:02:53]} Rfd8 {[%emt 0:01:36]} 29. Ra4 {[%emt 0:00:05]} Nd3 {[%emt 0:05:29]} 30. Rc2 {[%emt 0:00:07]} Ne1 {[%emt 0:03:47]} 31. Re2 {[%emt 0:00:02]} Nxg2 {[%emt 0:00:05]} 32. Kxg2 {[%emt 0:01:58]} Rb5 {[%emt 0:00:15]} 33. Rxa6 {[%emt 0:00:34]} Rxc5 {[%emt 0:00:02]} 34. Ra7 {[%emt 0:03:41]} Rc1 {[%emt 0:01:24]} 35. a4 {[%emt 0:05:14]} Rdd1 {[%emt 0:03:08]} 36. a5 {[%emt 0:01:45]} Rg1+ {[%emt 0:00:45]} 37. Kf3 {[%emt 0:00:54]} Rcf1+ {[%emt 0:07:28]} 38. Rf2 {[%emt 0:00:44]} Ra1 {[%emt 0:02:51]} 39. g4 {[%emt 0:03:57]} Ra4 {[%emt 0:02:19]} 40. Rc2 {[%emt 0:12:21]} Rga1 {[%emt 0:00:53]} 41. Rxc6 {[%emt 0:00:21]} Rxa5 {[%emt 0:00:06]} 42. Rxa5 {[%emt 0:00:04]} Rxa5 {[%emt 0:00:04]} 43. Ke4 {[%emt 0:01:09]} Rb5 {[%emt 0:00:51]} 44. Rc2 {[%emt 0:00:04]} Rb3 {[%emt 0:01:24]} 45. Rh2 {[%emt 0:00:04]} g6 {[%emt 0:00:18]} 46. Kd4 {[%emt 0:00:08]} Kg7 {[%emt 0:00:22]} 47. Kc4 {[%emt 0:00:02]} Rb8 {[%emt 0:00:32]} 48. b4 {[%emt 0:00:02]} f5 {[%emt 0:00:22]} 49. b5 {[%emt 0:05:05]} fxg4 {[%emt 0:01:27]} 50. hxg4 {[%emt 0:00:01]} Kf6 {[%emt 0:00:01]} 51. Kc5 {[%emt 0:00:57]} Kg5 {[%emt 0:00:33]} 52. Rg2 {[%emt 0:00:18]} h5 {[%emt 0:03:29]} 53. gxh5+ {[%emt 0:00:03]} Kxh5 {[%emt 0:00:02]} 54. b6 {[%emt 0:00:02]} g5 {[%emt 0:00:09]} 55. Kc6 {[%emt 0:00:28]} g4 {[%emt 0:00:04]} 56. Kc7 {[%emt 0:00:03]} Rxb6 {[%emt 0:02:46]} 57. Kxb6 {[%emt 0:00:03]} Kh4 {[%emt 0:00:01]} 58. Kc5 {[%emt 0:00:46]} g3 {[%emt 0:00:21]} 59. Kd4 {[%emt 0:00:02]} Kh3 {[%emt 0:00:04]} 60. Rg1 {[%emt 0:00:02]} Kh2 {[%emt 0:00:07]} 61. Ra1 {[%emt 0:00:03]} g2 {[%emt 0:00:04]} 62. Ke3 {[%emt 0:00:04]} g1=Q+ {[%emt 0:00:05]} 63. Rxg1 {[%emt 0:00:03]} Kxg1 {[%emt 0:00:04]} 64. Ke4 1/2-1/2

[Event "26th Abu Dhabi Master 2019"]
[Site "Abu Dhabi"]
[Date "2019.08.07"]
[Round "6.49"]
[White "Mendonca, Leon Luke"]
[Black "Bartel, Marta"]
[Result "1-0"]
[WhiteElo "2401"]
[BlackElo "2260"]
[Annotator "NA"]
[PlyCount "93"]
[EventDate "2019.08.02"]
[EventType "swiss"]
[EventCountry "UAE"]
[SourceTitle "playchess.com"]
[Source "ChessBase"]
[SourceQuality "1"]
[TimeControl "5400+30"]

1. d4 Nf6 2. Nf3 g6 3. Bf4 Bg7 4. e3 O-O 5. h3 d6 6. Be2 c5 7. c3 b6 8. O-O Bb7 9. a4 a6 10. Nbd2 Nbd7 11. Bh2 Rc8 12. Re1 Rc7 13. Bd3 e5 14. e4 cxd4 15. cxd4 Qe7 16. Nc4 Ne8 17. Ne3 Nef6 18. Nc4 Ne8 19. dxe5 dxe5 20. Bf1 Rc6 21. b4 Nd6 22. Ne3 Rd8 23. Nd5 Qf8 24. Qb3 Rcc8 25. Rad1 Kh8 26. h4 f6 27. Nd2 a5 28. Nc4 Nxc4 29. Bxc4 axb4 30. Bb5 Bxd5 31. Rxd5 Nc5 32. Qxb4 Rxd5 33. exd5 Qd6 34. Bc6 Qc7 35. Rb1 Nd7 36. Qe7 Rd8 37. Bg3 Bf8 38. Qf7 Bg7 39. a5 Qd6 40. axb6 Nb8 41. Qc7 Na6 42. Qxd6 Rxd6 43. f3 Bf8 44. b7 Rd8 45. f4 exf4 46. Bxf4 Nb8 47. Bc7 1-0

[Event "26th Abu Dhabi Master 2019"]
[Site "Abu Dhabi"]
[Date "2019.08.07"]
[Round "6.50"]
[White "Kulkarni, Rakesh"]
[Black "Ayyad, Husain"]
[Result "1-0"]
[WhiteElo "2360"]
[BlackElo "2231"]
[Annotator "NA"]
[PlyCount "129"]
[EventDate "2019.08.02"]
[EventType "swiss"]
[EventCountry "UAE"]
[SourceTitle "playchess.com"]
[Source "ChessBase"]
[SourceQuality "1"]
[TimeControl "5400+30"]

1. e4 {[%emt 0:00:00]} e5 {[%emt 0:06:51]} 2. Nf3 {[%emt 0:00:00]} Nc6 {[%emt 0:00:26]} 3. d4 {[%emt 0:00:00]} exd4 {[%emt 0:00:09]} 4. Nxd4 {[%emt 0:00:00]} Nf6 {[%emt 0:00:43]} 5. Nc3 {[%emt 0:00:00]} Bb4 {[%emt 0:00:12]} 6. Nxc6 {[%emt 0:00:01]} bxc6 {[%emt 0:00:05]} 7. Bd3 {[%emt 0:00:05]} d5 {[%emt 0:00:10]} 8. exd5 {[%emt 0:00:14]} cxd5 {[%emt 0:00:01]} 9. O-O {[%emt 0:00:10]} O-O {[%emt 0:00:04]} 10. Bg5 {[%emt 0:00:04]} c6 {[%emt 0:00:07]} 11. Qf3 {[%emt 0:00:25]} Bd6 {[%emt 0:02:47]} 12. h3 {[%emt 0:00:38]} Rb8 {[%emt 0:00:08]} 13. b3 {[%emt 0:00:07]} h6 {[%emt 0:00:21]} 14. Bxf6 {[%emt 0:00:28]} Qxf6 {[%emt 0:00:05]} 15. Qxf6 {[%emt 0:00:03]} gxf6 {[%emt 0:00:00]} 16. Ne2 {[%emt 0:00:06]} Bd7 {[%emt 0:01:51]} 17. Rad1 {[%emt 0:00:41]} a5 {[%emt 0:02:33]} 18. Nd4 {[%emt 0:04:10]} Be5 {[%emt 0:08:37]} 19. Ne2 {[%emt 0:17:18]} a4 {[%emt 0:07:10]} 20. f4 {[%emt 0:01:44]} Bb2 {[%emt 0:05:50]} 21. Ng3 {[%emt 0:21:47]} Rfe8 {[%emt 0:03:23]} 22. Bf5 {[%emt 0:02:14]} Be6 {[%emt 0:16:19]} 23. Rd3 {[%emt 0:03:09]} c5 {[%emt 0:06:18]} 24. Bxe6 {[%emt 0:22:26]} fxe6 {[%emt 0:01:51]} 25. f5 {[%emt 0:03:10]} Bd4+ {[%emt 0:03:10]} 26. Kh1 {[%emt 0:00:46]} e5 {[%emt 0:00:07]} 27. Nh5 {[%emt 0:00:16]} Kf7 {[%emt 0:01:03]} 28. c3 {[%emt 0:18:20]} axb3 {[%emt 0:02:19]} 29. cxd4 {[%emt 0:03:33]} b2 {[%emt 0:03:40]} 30. dxe5 {[%emt 0:00:06]} Rxe5 {[%emt 0:03:39]} 31. Rb1 {[%emt 0:00:28]} c4 {[%emt 0:00:07]} 32. Rc3 {[%emt 0:00:18]} Rxf5 {[%emt 0:01:32]} 33. Ng3 {[%emt 0:00:04]} Re5 {[%emt 0:00:04]} 34. Rc2 {[%emt 0:00:44]} Ke6 {[%emt 0:01:20]} 35. Kg1 {[%emt 0:01:09]} Kd6 {[%emt 0:02:11]} 36. Kf2 {[%emt 0:00:05]} Kc5 {[%emt 0:00:32]} 37. Rcxb2 {[%emt 0:00:44]} Rxb2+ {[%emt 0:00:06]} 38. Rxb2 {[%emt 0:00:03]} d4 {[%emt 0:00:05]} 39. a4 {[%emt 0:00:49]} c3 {[%emt 0:02:19]} 40. Rb5+ {[%emt 0:00:19]} Kc4 {[%emt 0:00:09]} 41. Rxe5 {[%emt 0:01:24]} fxe5 {[%emt 0:00:06]} 42. Ke2 {[%emt 0:00:30]} Kb3 {[%emt 0:00:13]} 43. Kd3 {[%emt 0:01:22]} Kxa4 {[%emt 0:09:58]} 44. Ne2 {[%emt 0:00:08]} Kb4 {[%emt 0:00:12]} 45. Nc1 {[%emt 0:00:52]} Kc5 {[%emt 0:00:36]} 46. Ke4 {[%emt 0:00:20]} Kd6 {[%emt 0:03:23]} 47. Nd3 {[%emt 0:00:05]} c2 {[%emt 0:00:47]} 48. Nc1 {[%emt 0:00:15]} h5 {[%emt 0:00:04]} 49. Kd3 {[%emt 0:01:20]} h4 {[%emt 0:01:04]} 50. Kxc2 {[%emt 0:00:08]} e4 {[%emt 0:00:39]} 51. Kd2 {[%emt 0:00:28]} Ke5 {[%emt 0:02:32]} 52. Nb3 {[%emt 0:01:20]} Kd5 {[%emt 0:03:28]} 53. Na5 {[%emt 0:00:20]} Kc5 {[%emt 0:00:19]} 54. Nb7+ {[%emt 0:00:11]} Kd5 {[%emt 0:00:08]} 55. Nd8 {[%emt 0:00:05]} Ke5 {[%emt 0:00:41]} 56. Nc6+ {[%emt 0:00:04]} Kf4 {[%emt 0:00:38]} 57. Nxd4 {[%emt 0:00:30]} Kg3 {[%emt 0:00:01]} 58. Ne6 {[%emt 0:00:32]} Kxg2 {[%emt 0:00:08]} 59. Ng5 {[%emt 0:00:07]} Kf2 {[%emt 0:01:54]} 60. Nxe4+ {[%emt 0:00:05]} Kf3 {[%emt 0:00:05]} 61. Kd3 {[%emt 0:00:04]} Kf4 {[%emt 0:04:11]} 62. Kd4 {[%emt 0:00:06]} Kf3 {[%emt 0:00:24]} 63. Ke5 {[%emt 0:00:07]} Ke3 {[%emt 0:00:08]} 64. Ng5 {[%emt 0:00:24]} Kf2 {[%emt 0:01:07]} 65. Ke4 1-0

[Event "26th Abu Dhabi Master 2019"]
[Site "Abu Dhabi"]
[Date "2019.08.07"]
[Round "6.51"]
[White "Srihari L R"]
[Black "Divya Deshmukh"]
[Result "1/2-1/2"]
[WhiteElo "2227"]
[BlackElo "2373"]
[Annotator "NA"]
[PlyCount "54"]
[EventDate "2019.08.02"]
[EventType "swiss"]
[EventCountry "UAE"]
[SourceTitle "playchess.com"]
[Source "ChessBase"]
[SourceQuality "1"]
[TimeControl "5400+30"]

1. Nf3 Nf6 2. c4 e6 3. d4 Bb4+ 4. Bd2 Qe7 5. g3 Nc6 6. Nc3 O-O 7. Bg2 Bxc3 8. Bxc3 Ne4 9. Rc1 d6 10. O-O Nxc3 11. Rxc3 a5 12. a3 e5 13. d5 Nb8 14. b4 Na6 15. Qb1 Bd7 16. Rfc1 axb4 17. axb4 c5 18. dxc6 bxc6 19. Nd2 Rab8 20. Rb3 Nc7 21. e3 Rfd8 22. Qb2 Be8 23. Bf1 Rb6 24. c5 dxc5 25. bxc5 Rxb3 26. Nxb3 Rb8 27. Qc2 Ne6 1/2-1/2